| 000 | 00875nac a22002531u 4500 | ||
|---|---|---|---|
| 010 | _a008360825 | ||
| 020 | _a0340175613 | ||
| 022 | _a0340175605 | ||
| 082 |
_a616.0756 _bB2682 |
||
| 090 |
_c3444 _d3444 |
||
| 100 | _aBaron, D. N. (Denis Ne | ||
| 245 |
_aA short textbook of chemical pathology / _c D.N. Baron. |
||
| 250 | _a3rd ed. | ||
| 260 |
_aLondon : _bEnglish Universities Press, C.1972. _cC.1972. |
||
| 300 |
_aviii,247p. : _b ill. ; _c23cm. |
||
| 500 | _aDonations. | ||
| 500 | _aDonations - Bibliotheca Alexandrina. | ||
| 500 | _aPrevious ed. 1969. | ||
| 504 | _aIncludes Index. | ||
| 650 | _aChemistry, Medical and theoretical. | ||
| 650 | _aMedicine Diagnosis Chemical analysis | ||
| 942 |
_cBB _k616.0756B2682 |
||
| 999 |
_c3444 _d3444 |
||